Annual Report 2010 : Faculty of Civil Engineering

Na minha lista:
Detalhes bibliográficos
Formato: Livro
Idioma:inglês
Publicado em: Bratislava: STU v Bratislave SvF, 2011
Tags: Adicionar Tag
Sem tags, seja o primeiro a adicionar uma tag!

MARC

LEADER 00000nam a22000003a 4500
001 0014211
003 SK-STU
005 20160503143554.0
007 ta
008 160503s ----xo-----e------000-0-----d
040 |a STU  |b slo 
041 0 |a eng  |h eng 
044 |a xo 
245 1 0 |a Annual Report 2010 :   |b Faculty of Civil Engineering 
260 |a Bratislava:  |b STU v Bratislave SvF,  |c 2011 
300 |a 121 s. 
996 |b 284V037049  |c V* 9318/K-2398  |l VVT  |s A  |a 24  |w 0014211_0001